Funciones químicas inorgánicas. /

Guardado en:
Autor Corporativo: Ministerio de Educación.
Formato: Deslizar
Series:Parte 3
Materias:
Etiquetas: Agregar Etiqueta
Sin Etiquetas, Sea el primero en etiquetar este registro!
LEADER 00813ngm a22002535g 4500
001 CEM.cems021536
008 130507b1991##################0###0#####d
005 20240827162016.0
245 1 0 |a Funciones químicas inorgánicas. /  |c Ministerio De Educación. 
300 |a 19 
490 1 |a Parte 3 
500 |a En soporte VHS, consultar en ventanilla. 
505 0 |a Grupos carbonilos. Aldehidos. Cetonas. 
538 |a Soporte: VHS - Norma: Pal N - Color - Grabación Drd 1991 - Hitachi=1970 
110 2 |a Ministerio de Educación. 
082 5 4 |/ ARG 
653 |a QUIMICA 
653 |a QUIMICA INORGANICA 
653 |a GRUPOS CARBONILOS 
653 |a ALDEHIDOS 
653 |a CETONAS 
653 |a CARBONILOS 
653 |a NIVEL SECUNDARIO 
859 |a CEMS  |b BIB. CEMS - Depto. Recursos Didacticos  |h 546  |i ARG  |k DRD  |p 179.12  |t Ej.1